Знамената на щатите в САЩ - Statistics

General Stats
  • This quiz has been taken 20 times
  • The average score is 22 of 50
Answer Stats
Picture Answer % Correct
Вашингтон
100%
Тексас
81%
Калифорния
81%
Аляска
75%
Хаваи
69%
Алабама
63%
Индиана
63%
Луизиана
63%
Ню Мексико
56%
Южна Каролина
56%
Оклахома
56%
Флорида
56%
Тенеси
56%
Орегон
56%
Мисисипи
56%
Мериланд
50%
Ню Йорк
50%
Охайо
50%
Мисури
50%
Аризона
44%
Колорадо
44%
Делауер
44%
Илинойс
44%
Минесота
44%
Ню Хампшър
44%
Уайоминг
44%
Мичиган
38%
Кентъки
38%
Масачузетс
38%
Небраска
38%
Джорджия
38%
Монтана
38%
Невада
38%
Юта
38%
Арканзас
31%
Мейн
31%
Канзас
31%
Северна Каролина
31%
Пенсилвания
31%
Южна Дакота
31%
Уисконсин
31%
Ню Джърси
25%
Кънектикът
25%
Северна Дакота
25%
Западна Вирджиния
19%
Вирджиния
19%
Роуд Айлънд
19%
Айдахо
19%
Айова
13%
Вермонт
6%
No matching quizzes found
Score Distribution
Percent of People with Each Score
Percentile by Number Answered
Your Score History
You have not taken this quiz